<?xml version="1.0" encoding="UTF-8"?>
<record
    xmlns:xsi="http://www.w3.org/2001/XMLSchema-instance"
    xsi:schemaLocation="http://www.loc.gov/MARC21/slim http://www.loc.gov/standards/marcxml/schema/MARC21slim.xsd"
    xmlns="http://www.loc.gov/MARC21/slim">

  <leader>01708cam a22002533a 4500</leader>
  <controlfield tag="001">32180</controlfield>
  <controlfield tag="003">PGUSA</controlfield>
  <controlfield tag="005">20140828083710.0</controlfield>
  <controlfield tag="008">100429s2010||||xxu|||||s|||||000 p eng d</controlfield>
  <datafield tag="040" ind1=" " ind2=" ">
    <subfield code="a">PGUSA</subfield>
    <subfield code="b">eng</subfield>
  </datafield>
  <datafield tag="042" ind1=" " ind2=" ">
    <subfield code="a">dc</subfield>
  </datafield>
  <datafield tag="050" ind1=" " ind2="4">
    <subfield code="a">PT</subfield>
  </datafield>
  <datafield tag="100" ind1="1" ind2=" ">
    <subfield code="a">Ribbius, Gerlacus</subfield>
  </datafield>
  <datafield tag="245" ind1="1" ind2="0">
    <subfield code="a">Een acht en twintigtal voorwerpen uit de natuurlijke geschiedenis, geschikt voor rederijkers- and nutsvoordrachten, :</subfield>
    <subfield code="b">in den trant van de gedichten van den schoolmeester, met een aanbevelend woord van wijlen Mr. J. Van Lennep</subfield>
    <subfield code="h">[electronic resource] /</subfield>
    <subfield code="c">Gerlacus Ribbius</subfield>
  </datafield>
  <datafield tag="260" ind1=" " ind2=" ">
    <subfield code="b">Project Gutenberg,</subfield>
    <subfield code="c">2010</subfield>
  </datafield>
  <datafield tag="505" ind1="0" ind2=" ">
    <subfield code="a">De Uil (Strix flammea) -- De Eend (Anas boschas) -- De Gans (Anas anser) -- De Huismusch (Fringilla domestica) -- De Mol (Talpa Europaea) -- De Elft (Clupea alosa) -- De Vink (Fringilla coelebs) -- De Spreeuw (Sturnus vulgaris) -- De Bloedzuiger (Hirudo medicinalis) -- De Duif (Columba livia) -- De Ezel (Equus asinus) -- De Snoek (Esox lucius) -- De Aap (Simia Silvanus) -- De Kikvorsch (Rana esculenta) -- De Muis (Mus musculus) -- De Spin (Aranea domestica) -- De Kat (Felis domestica) -- De Koe (Vacca of Bos taurus) -- Het Varken (Sus Scrofa domesticus) -- Het Paard (Equus caballus) -- De Ooijevaar (Ciconia alba) -- De Haas (Lepus timidus) -- De Hond (Canis familiaris) -- De Geit (Capra hircus) -- De Kwartel (Tetrao coturnix) -- De Haan (mas) (Gallus domesticus) -- De Hen (femina) (Gallus domesticus) -- Het Schaap (Ovis aries).</subfield>
  </datafield>
  <datafield tag="506" ind1=" " ind2=" ">
    <subfield code="a">Public domain in the USA.</subfield>
  </datafield>
  <datafield tag="516" ind1=" " ind2=" ">
    <subfield code="a">Electronic text</subfield>
  </datafield>
  <datafield tag="653" ind1=" " ind2=" ">
    <subfield code="a">Animals -- Poetry</subfield>
  </datafield>
  <datafield tag="653" ind1=" " ind2=" ">
    <subfield code="a">Dutch poetry</subfield>
  </datafield>
  <datafield tag="830" ind1=" " ind2="0">
    <subfield code="a">Project Gutenberg</subfield>
    <subfield code="v">32180</subfield>
  </datafield>
  <datafield tag="856" ind1="4" ind2="0">
    <subfield code="u">http://www.gutenberg.org/ebooks/32180</subfield>
  </datafield>
  <datafield tag="942" ind1=" " ind2=" ">
    <subfield code="c">EB</subfield>
  </datafield>
  <datafield tag="999" ind1=" " ind2=" ">
    <subfield code="c">261435</subfield>
    <subfield code="d">261435</subfield>
  </datafield>
  <datafield tag="952" ind1=" " ind2=" ">
    <subfield code="0">0</subfield>
    <subfield code="1">0</subfield>
    <subfield code="4">0</subfield>
    <subfield code="a">GTB</subfield>
    <subfield code="b">GTB</subfield>
    <subfield code="d">2014-08-28</subfield>
    <subfield code="l">0</subfield>
    <subfield code="r">2014-08-28 00:00:00</subfield>
    <subfield code="w">2014-08-28</subfield>
    <subfield code="y">EB</subfield>
  </datafield>
</record>
